Geographie Mallorca - Statistiken

Allgemein
  • Dieses Quiz wurde 32 mal gespielt
  • Das Durchschnittsergebnis liegt bei 5 aus 25
Antwortstatistiken
Hint Antwort % Korrekt
Hauptstadt der Balearen Palma
100%
Hauptort von (1) Manacor
50%
Hauptort von (5) Soller
43%
Hauptort von (4) Inca
37%
Teil der Platja de Palma, bekannt als "Partyort" S Arenal
33%
Halbinsel nordöstlich von Pollença Formentor
20%
Hauptort von (2) Llucmajor
20%
nach dieser zweitgrößte Gemeinde nach Einwohnern Calvia
17%
(3) Comarca (außer Palma) Pla
17%
Nördlichste Gemeinde Pollenca
17%
Südlichste Gemeinde Santanyi
17%
(5) Comarca (außer Palma) Tramuntana
17%
Westlichste Gemeinde Andratx
13%
Höchster Berg von (5) Puig Major
13%
Östlichste Gemeinde Capdepera
10%
Hafenort Manacors Porto Cristo
10%
Ort an der Mitte des "Tren de Sóller" Bunyola
7%
(1) Comarca (außer Palma) Llevant
7%
Straße von Palma an die Ostspitze der Insel Ma 15
7%
(4) Comarca (außer Palma) Raiguer
7%
Autobahnring um Palma Ma 20
3%
(2) Comarca (außer Palma) Migjorn
3%
Römische Ausgrabung einerfrüheren Stadt bei Alcúdia Pollentia
3%
Naturschutzgebiet an derBadia d'Alcúdia S Albufera
3%
Hauptort von (3) Sineu
3%
Keine übereinstimmenden Quizze gefunden
Verteilung der Resultate
Anzahl Personen mit jedem Resultat
Perzentil nach korrekt beantworteten Fragen
Ihre Resultats-Entwicklung
Sie haben dieses Quiz noch nicht gespielt